000 00744nam a2200217Ia 4500
001 4944
003 GE_BSU
008 181216s||||||||xx |||||||||||||| ||und||
040 _cGE_BSU
080 _a663.2/3(075.32)
100 _aВоробьев,С.Г.
245 _aАвтоматизация производственных процессов виноделия.
245 _bУчебник.
245 _cРед. Е.И.Якубович.
260 _aМ.
260 _bПищевая промышленность.
260 _c1972.
300 _a366стр.22см.с илл.библиогр.:стр.359.
653 _aАвтоматизация производственных процессов виноделия.
942 _cBK
999 _c38687
_d38687